Факторы, способсвующие интенсификации процесса обучения второму иностранному языку в рамках подготовки студентов к участию в программах академических обменов; Совершенствование содержания и технологии учебного процесса

Detalhes bibliográficos
Parent link:Совершенствование содержания и технологии учебного процесса.— 2010.— С. 236-237
Autor principal: Минина Н. Н. Наталья Николаевна
Outros Autores: Калинина Е. В. Елена Владимировна
Idioma:russo
Publicado em: 2010
Assuntos:
Formato: Capítulo de Livro
KOHA link:https://koha.lib.tpu.ru/cgi-bin/koha/opac-detail.pl?biblionumber=185246

MARC

LEADER 00000naa2a2200000 4500
001 185246
005 20231225143253.0
035 |a (RuTPU)RU\TPU\book\200925 
090 |a 185246 
100 |a 20101006d2010 k y0rusy50 ca 
101 0 |a rus 
102 |a RU 
200 1 |a Факторы, способсвующие интенсификации процесса обучения второму иностранному языку в рамках подготовки студентов к участию в программах академических обменов  |f Н. Н. Минина, Е. В. Калинина 
463 0 |0 (RuTPU)RU\TPU\book\191281  |t Совершенствование содержания и технологии учебного процесса  |o сборник трудов научно-методической конференции, г. Томск, 12-13 февраля 2010 г.  |f Томский политехнический университет (ТПУ)   |v С. 236-237  |d 2010  |p 279 с. 
610 1 |a второй иностранный язык 
610 1 |a обучение 
610 1 |a студенты 
610 1 |a международный обмен 
610 1 |a немецкий язык 
610 1 |a труды учёных ТПУ 
700 1 |a Минина  |b Н. Н.  |c российский учёный в области немецкого языка  |c старший преподаватель Томского политехнического университета  |g Наталья Николаевна  |3 (RuTPU)RU\TPU\pers\26952 
701 1 |a Калинина  |b Е. В.  |c лингвист  |c старший преподаватель Томского политехнического университета  |f 1962-  |g Елена Владимировна  |3 (RuTPU)RU\TPU\pers\26953  |9 12563 
801 1 |a RU  |b 63413507  |c 20101006 
942 |c BK